LIBRARY ONLINE CATALOGUE

Old Testament wisdom literature : (Record no. 19914)

MARC details
000 -LEADER
fixed length control field 00959cam a2200265 a 4500
001 - CONTROL NUMBER
control field 16594544
003 - CONTROL NUMBER IDENTIFIER
control field OSt
005 - DATE AND TIME OF LATEST TRANSACTION
control field 20230203114750.0
008 - FIXED-LENGTH DATA ELEMENTS--GENERAL INFORMATION
fixed length control field 101230s2011 ilu b 001 0 eng
010 ## - LIBRARY OF CONGRESS CONTROL NUMBER
LC control number 2010052972
020 ## - INTERNATIONAL STANDARD BOOK NUMBER
International Standard Book Number 9780830838967
040 ## - CATALOGING SOURCE
Original cataloging agency DLC
Transcribing agency DLC
Modifying agency DLC
050 00 - LIBRARY OF CONGRESS CALL NUMBER
Classification number BS1455
Item number .B27 2011
100 1# - MAIN ENTRY--PERSONAL NAME
Personal name Bartholomew, Craig G.,
Dates associated with a name 1961-
245 10 - TITLE STATEMENT
Title Old Testament wisdom literature :
Remainder of title a theological introduction /
Statement of responsibility, etc. Craig G. Bartholomew & Ryan P. O'Dowd.
260 ## - PUBLICATION, DISTRIBUTION, ETC. (IMPRINT)
Place of publication, distribution, etc. Downers Grove, IL :
Name of publisher, distributor, etc. IVP Academic,
Date of publication, distribution, etc. 2011.
300 ## - PHYSICAL DESCRIPTION
Extent 336 p.
504 ## - BIBLIOGRAPHY, ETC. NOTE
Bibliography, etc Includes bibliographical references and indexes.
630 00 - SUBJECT ADDED ENTRY--UNIFORM TITLE
Uniform title Bible.
Name of part/section of a work Old Testament
General subdivision Theology.
650 #0 - SUBJECT ADDED ENTRY--TOPICAL TERM
Topical term or geographic name as entry element Wisdom literature
General subdivision Criticism, interpretation, etc.
700 1# - ADDED ENTRY--PERSONAL NAME
Personal name O'Dowd, Ryan.
906 ## - LOCAL DATA ELEMENT F, LDF (RLIN)
a 7
b cbc
c orignew
d 1
e ecip
f 20
g y-gencatlg
942 ## - ADDED ENTRY ELEMENTS (KOHA)
Source of classification or shelving scheme Library of Congress Classification
Koha item type General Collection
Holdings
Withdrawn status Lost status Source of classification or shelving scheme Not for loan Home library Current library Date acquired Cost, normal purchase price Total Checkouts Full call number Barcode Date last seen Date last checked out Price effective from Koha item type Source of acquisition Inventory number Copy number
    Library of Congress Classification   Kabarak, Main Campus Kabarak, Main Campus 03/02/2023 6410.00 5 BS1455 .B27 2011 34614 30/10/2025 15/10/2025 03/02/2023 General Collection      
    Library of Congress Classification   Kabarak, Main Campus Kabarak, Main Campus 03/02/2023     BS1455 .B27 2011 C.2 39673 17/03/2026   03/02/2023 General Collection Donation 2025/2345 C.2